000 00597nam a2200229Ia 4500
003 OSt
005 20220928140519.0
006 a|||||r|||| 00| 0
007 ta
008 220927b |||||||| |||| 00| 0 eng d
024 _a9126
037 _cTextual
040 _aSDCL
_cSDCL
_beng
041 _2eng
_aeng
082 _aO-,3:g, L8
100 _aMacherey Pierre
_9495648
245 0 _aTheory of literary production.
260 _c1978
700 _a Wall Geoffrey Tr.
_9495649
942 _hO-,3:g, L8
_cTEXL
_2CC
999 _c811874
_d811874